Adobe Photoshop CC for dummies

Bibliographic Details
Main Author: Bauer, Peter
Other Authors: Title
Format: Book
Published: New Jersey : John Wiley Sons, Inc. 2021
Edition:3rd ed.
Subjects:

MARC

LEADER 00000cam a2200000 7i4500
001 0000087947
005 20230125103833.0
008 220316
020 |a 9781119711773 
041 0 |a English 
090 0 0 |a 006.6   |b BAU 
100 1 |a Bauer, Peter 
245 1 0 |a Adobe Photoshop CC for dummies   |c Peter Bauer 
250 |a 3rd ed. 
260 |a New Jersey :   |b John Wiley Sons, Inc. 2021 
300 |a 417 p. :   |b ill., col. ;   |c 23.5 cm. 
541 |c Purchased on 2021   |f E210247 EKM   |h RM100.80 
650 0 |a Adobe Photoshop 
650 0 |a Photography   |x Digital techniques 
700 0 |a Title 
999 |a 0001681302   |b Book   |c Adult Collection   |e Perbadanan Perpustakaan Awam Johor